Geografy quiz - Statistics

General Stats
  • This quiz has been taken 51 times
  • The average score is 22 of 34
Answers on the Map
Answers color-coded by a green-red scale on the quiz's map according to % correct below.
 
Answer Stats
Answer % Correct
UK
83%
USA
81%
India
78%
Mexico
78%
Brazil
72%
Germany
72%
Argentina
69%
Australia
69%
Belgium
69%
Canada
69%
China
69%
France
69%
Italy
69%
Russia
69%
South africa
67%
Ukraine
67%
Poland
64%
Uruguay
64%
Costa rica
61%
Iceland
61%
Netherlands
61%
Indonesia
58%
Spain
58%
Namibia
56%
Norway
56%
Sweden
56%
Japan
53%
Kazahstan
53%
Nigeria
53%
Pakistan
53%
Panama
53%
Thailand
53%
South korea
50%
North korea
42%
No matching quizzes found
Score Distribution
Percent of People with Each Score
Percentile by Number Answered
Your Score History
You have not taken this quiz